[Event "IND-chT 42nd"]
[Site "Pollachi"]
[Date "2023.02.15"]
[Round "8.3"]
[White "Adhiban, Baskaran"]
[Black "Sanjay, S Pillai"]
[Result "1-0"]
[WhiteElo "2610"]
[BlackElo "1944"]
[PlyCount "97"]
[EventDate "2023.02.10"]
[EventType "team-swiss"]
[EventRounds "9"]
[EventCountry "IND"]
[SourceTitle "CBM 212 Extra"]
[Source "ChessBase"]
[SourceDate "2023.03.31"]
[SourceVersion "1"]
[SourceVersionDate "2023.03.31"]
[SourceQuality "1"]
[WhiteTeam "PSPB"]
[BlackTeam "Kerala"]
[WhiteTeamCountry "IND"]
[BlackTeamCountry "IND"]

1. d4 d5 2. c4 e6 3. Nc3 Be7 4. Nf3 Nf6 5. cxd5 exd5 6. Bf4 c6 7. h3 Bf5 8. g4 Be4 9. e3 Bd6 10. g5 Bxf4 11. gxf6 Bd6 12. fxg7 Rg8 13. Nxe4 dxe4 14. Nd2 Rxg7 15. Qb3 Qb6 16. Nxe4 Bb4+ 17. Nc3 Nd7 18. 0-0-0 0-0-0 19. Bd3 Nf6 20. Kb1 Kb8 21. Na4 Qa5 22. Rc1 Ka8 23. Nc5 Qb6 24. Na4 Qa5 25. Rc4 Be7 26. Nc5 Bxc5 27. Rxc5 Qb6 28. Qxb6 axb6 29. Rf5 Rd6 30. h4 h6 31. Kc2 Kb8 32. Rh3 Nd5 33. Bc4 Ne7 34. Re5 Nc8 35. Rf3 Rdg6 36. Bxf7 Rg2 37. h5 Nd6 38. Bg6 Kc7 39. a4 Rg1 40. b3 Rh1 41. Kd2 Rg1 42. Re6 Rg5 43. e4 Nc8 44. Ke3 Nd6 45. Rff6 Nc8 46. Rf8 Nd6 47. e5 Nc8 48. Bf5 Ne7 49. Rxe7+ 1-0

[Event "IND-ch 59th"]
[Site "New Delhi"]
[Date "2023.01.02"]
[Round "12"]
[White "Sanjay, S Pillai"]
[Black "Mohamed, Anees M"]
[Result "1/2-1/2"]
[WhiteElo "1799"]
[BlackElo "2237"]
[PlyCount "55"]
[EventDate "2022.12.22"]
[EventType "swiss"]
[EventRounds "13"]
[EventCountry "IND"]
[SourceTitle "CBM 211 Extra"]
[Source "ChessBase"]
[SourceDate "2023.01.31"]
[SourceVersion "1"]
[SourceVersionDate "2023.01.31"]
[SourceQuality "1"]

1. e4 c5 2. Nf3 Nc6 3. Bb5 e6 4. 0-0 Nge7 5. d4 cxd4 6. Nxd4 a6 7. Be2 Nxd4 8. Qxd4 Nc6 9. Qc3 d6 10. Rd1 Qc7 11. a4 e5 12. Be3 Be7 13. Na3 Be6 14. Nc4 Bxc4 15. Bxc4 Rc8 16. Bd5 0-0 17. a5 Qd7 18. Qd2 Kh8 19. c3 Bd8 20. b4 Ne7 21. c4 f5 22. exf5 Nxf5 23. Rab1 Rb8 24. Ba7 Ra8 25. Be3 Rb8 26. Ba7 Ra8 27. Be3 Rb8 28. Ba7 1/2-1/2

[Event "IND-ch 59th"]
[Site "New Delhi"]
[Date "2023.01.01"]
[Round "11"]
[White "Sanjay, S Pillai"]
[Black "Laxman, Rajaram"]
[Result "0-1"]
[WhiteElo "1799"]
[BlackElo "2372"]
[PlyCount "68"]
[EventDate "2022.12.22"]
[EventType "swiss"]
[EventRounds "13"]
[EventCountry "IND"]
[SourceTitle "CBM 211 Extra"]
[Source "ChessBase"]
[SourceDate "2023.01.31"]
[SourceVersion "1"]
[SourceVersionDate "2023.01.31"]
[SourceQuality "1"]

1. e4 e5 2. Nf3 Nc6 3. Bc4 Bc5 4. c3 Nf6 5. d3 d6 6. 0-0 0-0 7. Re1 Ng4 8. Rf1 h6 9. h3 Nf6 10. Re1 Bb6 11. Bb3 Ne7 12. Nbd2 c6 13. Nf1 Ng6 14. d4 exd4 15. cxd4 d5 16. e5 Ne4 17. Ng3 Nxg3 18. fxg3 f6 19. Kh1 fxe5 20. g4 Kh8 21. dxe5 Bxg4 22. hxg4 Rxf3 23. gxf3 Qh4+ 24. Kg2 Qf2+ 25. Kh1 Rf8 26. Qe2 Qg3 27. f4 Bf2 28. Qf1 Qh4+ 29. Kg2 Nxf4+ 30. Bxf4 Rxf4 31. Bd1 Qg3+ 32. Kh1 Bxe1 33. Qg2 Qh4+ 34. Kg1 Rf2 0-1

[Event "IND-ch 59th"]
[Site "New Delhi"]
[Date "2022.12.31"]
[Round "10"]
[White "Panesar, Vedant"]
[Black "Sanjay, S Pillai"]
[Result "1/2-1/2"]
[WhiteElo "2387"]
[BlackElo "1799"]
[PlyCount "93"]
[EventDate "2022.12.22"]
[EventType "swiss"]
[EventRounds "13"]
[EventCountry "IND"]
[SourceTitle "CBM 211 Extra"]
[Source "ChessBase"]
[SourceDate "2023.01.31"]
[SourceVersion "1"]
[SourceVersionDate "2023.01.31"]
[SourceQuality "1"]

1. Nf3 d5 2. d4 Nf6 3. c4 e6 4. g3 Bb4+ 5. Bd2 Be7 6. Bg2 0-0 7. 0-0 Nbd7 8. Qc2 c6 9. Bf4 b6 10. Nbd2 Bb7 11. e4 dxc4 12. Nxc4 c5 13. e5 Nd5 14. Be3 b5 15. Ncd2 Nxe3 16. fxe3 cxd4 17. exd4 Qb6 18. Kh1 Rac8 19. Qd3 Bd5 20. Rfc1 Qb7 21. Kg1 Rfd8 22. Qe3 Nb6 23. a3 a6 24. h4 Na4 25. b3 Nb6 26. b4 Nc4 27. Nxc4 bxc4 28. Rc3 Rd7 29. Rac1 Bd8 30. Kh2 Bb6 31. Qe2 Qc7 32. Bf1 Rcd8 33. Kh3 Bxf3 34. Rxf3 Rxd4 35. Rxc4 Rxc4 36. Qxc4 Qxe5 37. Qxa6 Bc7 38. Qe2 Qd5 39. Bg2 Qd6 40. Qc4 g6 41. a4 Qe5 42. Qc5 Rd5 43. Qe7 f5 44. Qe8+ Kg7 45. Qe7+ Kg8 46. Qe8+ Kg7 47. Qe7+ 1/2-1/2

[Event "IND-ch 59th"]
[Site "New Delhi"]
[Date "2022.12.30"]
[Round "9"]
[White "Raahul, VS."]
[Black "Sanjay, S Pillai"]
[Result "0-1"]
[WhiteElo "2325"]
[BlackElo "1799"]
[PlyCount "58"]
[EventDate "2022.12.22"]
[EventType "swiss"]
[EventRounds "13"]
[EventCountry "IND"]
[SourceTitle "CBM 211 Extra"]
[Source "ChessBase"]
[SourceDate "2023.01.31"]
[SourceVersion "1"]
[SourceVersionDate "2023.01.31"]
[SourceQuality "1"]

1. c4 e6 2. g3 d5 3. Bg2 Nf6 4. Qc2 d4 5. b4 c5 6. bxc5 Bxc5 7. Nf3 Nc6 8. d3 e5 9. 0-0 0-0 10. Nbd2 h6 11. Nb3 Be7 12. Bb2 a5 13. a3 a4 14. Nc1 Bf5 15. e4 dxe3 16. fxe3 Ng4 17. Qd2 Qb6 18. Re1 Rad8 19. h3 Nxe3 20. Rxe3 Bc5 21. d4 Nxd4 22. Nxd4 Rxd4 23. Bxd4 Bxd4 24. Qb4 Bxe3+ 25. Kh2 Qd4 26. Qe1 Bf2 27. Ne2 Qe3 28. Qd1 Bd3 29. Bf1 Bxe2 0-1

[Event "IND-ch 59th"]
[Site "New Delhi"]
[Date "2022.12.29"]
[Round "8"]
[White "Sanjay, S Pillai"]
[Black "Shreyansh, Daklia"]
[Result "1-0"]
[WhiteElo "1799"]
[BlackElo "2165"]
[PlyCount "49"]
[EventDate "2022.12.22"]
[EventType "swiss"]
[EventRounds "13"]
[EventCountry "IND"]
[SourceTitle "CBM 211 Extra"]
[Source "ChessBase"]
[SourceDate "2023.01.31"]
[SourceVersion "1"]
[SourceVersionDate "2023.01.31"]
[SourceQuality "1"]

1. e4 d5 2. exd5 Qxd5 3. Nc3 Qa5 4. d4 Nf6 5. Nf3 Bf5 6. Bc4 e6 7. Bd2 c6 8. Nd5 Qd8 9. Nxf6+ Qxf6 10. Qe2 Qd8 11. 0-0-0 Nd7 12. Ne5 Nxe5 13. dxe5 Qc7 14. g4 Bg6 15. f4 0-0-0 16. Rhf1 Rd4 17. f5 exf5 18. gxf5 Bh5 19. Qxh5 Rxc4 20. Bg5 Be7 21. f6 Bf8 22. e6 Qe5 23. e7 gxf6 24. Rd8+ Kc7 25. e8Q 1-0

[Event "IND-ch 59th"]
[Site "New Delhi"]
[Date "2022.12.25"]
[Round "4"]
[White "Saravana, Krishnan P"]
[Black "Sanjay, S Pillai"]
[Result "1-0"]
[WhiteElo "2244"]
[BlackElo "1799"]
[PlyCount "135"]
[EventDate "2022.12.22"]
[EventType "swiss"]
[EventRounds "13"]
[EventCountry "IND"]
[SourceTitle "CBM 211 Extra"]
[Source "ChessBase"]
[SourceDate "2023.01.31"]
[SourceVersion "1"]
[SourceVersionDate "2023.01.31"]
[SourceQuality "1"]

1. e4 c5 2. Nf3 Nc6 3. c3 Nf6 4. e5 Nd5 5. Bc4 Nb6 6. Bb3 c4 7. Bc2 d6 8. exd6 Qxd6 9. d4 cxd3 10. Qxd3 Qxd3 11. Bxd3 e5 12. 0-0 f6 13. Nbd2 Be6 14. Re1 0-0-0 15. Bc2 Be7 16. Ne4 Nd5 17. a4 Rhe8 18. Ng3 g6 19. a5 a6 20. Ra4 Kb8 21. h4 f5 22. Nxe5 Nxe5 23. Rxe5 Bf6 24. Re2 Bd7 25. Ra1 Bxh4 26. Bb3 Bc6 27. Kf1 Kc8 28. Rxe8 Rxe8 29. Ne2 Bf6 30. Bd2 h5 31. Rd1 h4 32. Bc1 Rd8 33. Nd4 Ne7 34. Be6+ Bd7 35. Bc4 Bc6 36. Be6+ Bd7 37. Bf7 Ba4 38. Re1 Bxd4 39. cxd4 Rxd4 40. Bg5 Nd5 41. Bxg6 Bd7 42. Rc1+ Kb8 43. Bh5 Bc6 44. Rd1 Ra4 45. Bf3 Rxa5 46. Bxh4 Rb5 47. Rd2 Ka7 48. Kg1 Rc5 49. Kh2 b5 50. Bg5 Kb7 51. Kg3 a5 52. Bh6 Nf6 53. Kf4 Bxf3 54. gxf3 Kc6 55. Bf8 Nd5+ 56. Kxf5 Rc1 57. Bg7 b4 58. f4 a4 59. Be5 b3 60. Ke4 Nb6 61. Rd6+ Kc5 62. Rd8 Rc2 63. Bd4+ Kc6 64. f5 a3 65. Rb8 Nc4 66. bxa3 b2 67. f6 Nd6+ 68. Kd3 1-0

[Event "Commonwealth-ch U20"]
[Site "New Delhi"]
[Date "2018.06.26"]
[Round "1"]
[White "Sanjay, S Pillai"]
[Black "Krishna Teja, N."]
[Result "0-1"]
[WhiteElo "1803"]
[BlackElo "2389"]
[PlyCount "50"]
[EventDate "2018.06.26"]
[EventType "swiss"]
[EventRounds "7"]
[EventCountry "IND"]
[SourceTitle "CBM 185 Extra"]
[Source "ChessBase"]
[SourceDate "2018.07.29"]
[SourceVersion "1"]
[SourceVersionDate "2018.07.29"]
[SourceQuality "1"]

1. e4 c5 2. Nc3 e6 3. f4 d5 4. Nf3 Nc6 5. Bb5 Nge7 6. Qe2 d4 7. Nb1 a6 8. Bxc6+ Nxc6 9. a4 Be7 10. Na3 Rb8 11. Nc4 b5 12. axb5 axb5 13. Nce5 Nb4 14. d3 f6 15. c3 dxc3 16. bxc3 fxe5 17. cxb4 c4 18. 0-0 cxd3 19. Qb2 exf4 20. Bxf4 Bf6 21. e5 Be7 22. Qb3 0-0 23. Be3 Qd5 24. Qxd5 exd5 25. Nd4 Rxf1+ 0-1

[Event "IND-chT 37th"]
[Site "Bhopal"]
[Date "2017.02.03"]
[Round "2.1"]
[White "Sanjay, S Pillai"]
[Black "Das, Arghyadip"]
[Result "0-1"]
[WhiteElo "1798"]
[BlackElo "2416"]
[PlyCount "172"]
[EventDate "2017.02.02"]
[EventType "team-swiss"]
[EventRounds "9"]
[EventCountry "IND"]
[SourceTitle "CBM 176 Extra"]
[Source "ChessBase"]
[SourceDate "2017.03.02"]
[SourceVersion "1"]
[SourceVersionDate "2017.03.02"]
[SourceQuality "1"]
[WhiteTeam "Kerala"]
[BlackTeam "Indian Railways II"]
[WhiteTeamCountry "IND"]
[BlackTeamCountry "IND"]

1. e4 c5 2. Nc3 a6 3. f4 b5 4. Nf3 Bb7 5. d3 e6 6. g3 Nf6 7. Bg2 d5 8. exd5 exd5 9. 0-0 Be7 10. d4 0-0 11. Kh1 Ne4 12. Be3 Nxc3 13. bxc3 Nd7 14. Ne5 Nf6 15. dxc5 Rc8 16. c6 Bxc6 17. Nxc6 Rxc6 18. Qd3 Bc5 19. a4 Bxe3 20. Qxe3 bxa4 21. Rxa4 Qc7 22. Qe5 Qb6 23. Qd4 Rfc8 24. Qxb6 Rxb6 25. Rfa1 Rxc3 26. Rxa6 Rxa6 27. Rxa6 h5 28. Ra5 h4 29. Bxd5 Nxd5 30. Rxd5 hxg3 31. Rd3 g2+ 32. Kxg2 Rxc2+ 33. Kg3 Kh7 34. h3 Kg6 35. Rd5 Rc3+ 36. Kg4 f6 37. f5+ Kh6 38. Rd4 Rc1 39. Re4 Rg1+ 40. Kh4 Rf1 41. Kg4 g6 42. Kg3 Rxf5 43. Rh4+ Kg7 44. Rc4 Ra5 45. Rc7+ Kh6 46. Kg4 Ra4+ 47. Kg3 Ra3+ 48. Kg2 f5 49. Rc8 Kg5 50. Rg8 f4 51. Rf8 Ra5 52. Kf3 Ra3+ 53. Kg2 Rb3 54. Rf7 Rg3+ 55. Kh2 Rc3 56. Kg2 Rd3 57. Rf8 Re3 58. Rf7 Re5 59. Kf3 Re1 60. Rf8 Rg1 61. h4+ Kxh4 62. Rxf4+ Kh3 63. Kf2 Rg2+ 64. Kf1 Kg3 65. Rd4 Ra2 66. Rd3+ Kh2 67. Rd8 g5 68. Rg8 Ra5 69. Rh8+ Kg3 70. Rg8 g4 71. Rg7 Ra1+ 72. Ke2 Kh3 73. Kf2 Ra2+ 74. Kf1 Kg3 75. Rg8 Ra1+ 76. Ke2 Rg1 77. Rg7 Kh2 78. Rh7+ Kg2 79. Rg7 g3 80. Rg8 Ra1 81. Rg7 Kh2 82. Rh7+ Kg1 83. Rg7 g2 84. Rg8 Ra7 85. Re8 Rh7 86. Rg8 Kh1 0-1